[Event "IND-chT 44th"]
[Site "Ahmedabad"]
[Date "2025.03.06"]
[Round "3.2"]
[White "Mrityunjay, Kumar"]
[Black "Sharma, Dinesh Kumar"]
[Result "1/2-1/2"]
[WhiteElo "1976"]
[BlackElo "2167"]
[PlyCount "84"]
[EventDate "2025.03.05"]
[EventType "team-swiss"]
[EventRounds "9"]
[EventCountry "IND"]
[SourceTitle "CB12_2025"]
[SourceDate "2025.03.19"]
[SourceVersion "1"]
[SourceVersionDate "2025.03.19"]
[SourceQuality "1"]
[WhiteTeam "Bihar II"]
[BlackTeam "Life Insurance Corporation"]
[WhiteTeamCountry "IND"]
[BlackTeamCountry "IND"]

1. e4 c5 2. Nf3 Nc6 3. Nc3 e6 4. g3 a6 5. Bg2 Nf6 6. 0-0 d6 7. d4 cxd4 8. Nxd4 Bd7 9. a4 Be7 10. Nxc6 Bxc6 11. Bf4 Rc8 12. Qe2 0-0 13. Rfd1 Qb6 14. Ra3 e5 15. Bg5 Qc7 16. Bh3 Rb8 17. Bxf6 Bxf6 18. Nd5 Qd8 19. a5 Bg5 20. b4 g6 21. c4 Bxd5 22. Rxd5 Qc7 23. Qd3 Rfd8 24. b5 Be7 25. b6 Qc6 26. Ra1 h5 27. Rd1 h4 28. Kg2 Kg7 29. Qc3 Bf6 30. Bg4 hxg3 31. fxg3 Be7 32. Rf1 Rh8 33. Rf2 Bg5 34. c5 Rbd8 35. Qf3 Rhf8 36. h4 Be7 37. cxd6 Rxd6 38. Rxe5 Rf6 39. Qd3 Rd8 40. Rxf6 Bxf6 41. Rd5 Rxd5 42. Qxd5 Qxd5 1/2-1/2

[Event "New Delhi Matrix Cup 4th"]
[Site "New Delhi"]
[Date "2025.01.07"]
[Round "9"]
[White "Akshat, Negi"]
[Black "Mrityunjay, Kumar"]
[Result "1/2-1/2"]
[WhiteElo "1862"]
[BlackElo "1958"]
[PlyCount "33"]
[EventDate "2025.01.03"]
[EventType "swiss"]
[EventRounds "9"]
[EventCountry "IND"]
[SourceTitle "CB03_2025"]
[SourceDate "2025.01.15"]
[SourceVersion "1"]
[SourceVersionDate "2025.01.15"]
[SourceQuality "1"]

1. d4 Nf6 2. Nc3 d5 3. Bf4 a6 4. e3 e6 5. Bd3 c5 6. dxc5 Bxc5 7. Nf3 b5 8. Qe2 Nbd7 9. 0-0 Bb7 10. a4 b4 11. Nb1 0-0 12. Nbd2 Be7 13. Ne5 Nc5 14. Nb3 Nce4 15. h3 Bd6 16. Ng4 Bxf4 17. exf4 1/2-1/2

[Event "Madurai Athens of the East op-B 4th"]
[Site "Madurai"]
[Date "2024.12.25"]
[Round "5"]
[White "Divesh, G."]
[Black "Mrityunjay, Kumar"]
[Result "1/2-1/2"]
[WhiteElo "1832"]
[BlackElo "1968"]
[PlyCount "130"]
[EventDate "2024.12.24"]
[EventType "swiss"]
[EventRounds "10"]
[EventCountry "IND"]
[SourceTitle "CB02_2025"]
[SourceDate "2025.01.08"]
[SourceVersion "1"]
[SourceVersionDate "2025.01.08"]
[SourceQuality "1"]

1. e4 e5 2. Nf3 Nc6 3. d3 Nf6 4. Nbd2 g6 5. Be2 Bg7 6. h3 d5 7. c3 Qd6 8. Qc2 Nh5 9. Nf1 Nf4 10. Bxf4 exf4 11. d4 dxe4 12. Qxe4+ Ne7 13. Ne5 0-0 14. Nd2 Bf5 15. Qxf4 c5 16. Ndc4 Qc7 17. Nxg6 Qxf4 18. Nxf4 cxd4 19. cxd4 Bxd4 20. Rd1 Rad8 21. 0-0 Ng6 22. Nh5 Rd7 23. Rd2 Rfd8 24. Rfd1 Be6 25. Kf1 Kf8 26. b3 Bc3 27. Rxd7 Rxd7 28. Rxd7 Bxd7 29. Ne3 Bc6 30. Bf3 Bxf3 31. gxf3 Be5 32. Nd5 h6 33. Ke2 Ke8 34. f4 Bb2 35. Kf3 Kd7 36. Ndf6+ Ke6 37. Ne4 b6 38. Nd2 b5 39. Ng3 f5 40. Ne2 Kd5 41. Ke3 Kc5 42. Nf3 Ne7 43. Ne5 Kb4 44. a4 bxa4 45. bxa4 Kxa4 46. Kd3 Kb3 47. Nc4 Nc6 48. Nxb2 Kxb2 49. Kc4 Kc2 50. Kc5 Kd2 51. Ng3 Ne7 52. Kd6 a5 53. Kxe7 a4 54. Nxf5 Kd3 55. Nd4 Kxd4 56. f5 a3 57. f6 a2 58. f7 a1Q 59. f8Q Qa3+ 60. Kf7 Qxh3 61. Kg6 Qe6+ 62. Qf6+ Qxf6+ 63. Kxf6 Ke4 64. Kg6 Kf3 65. Kxh6 Kxf2 1/2-1/2

[Event "New Delhi Matrix op 3rd"]
[Site "New Delhi"]
[Date "2024.04.08"]
[Round "5"]
[White "Hanya, Shah"]
[Black "Mrityunjay, Kumar"]
[Result "0-1"]
[WhiteElo "1666"]
[BlackElo "1900"]
[PlyCount "140"]
[EventDate "2024.04.06"]
[EventType "swiss"]
[EventRounds "9"]
[EventCountry "IND"]
[SourceTitle "CBM 219 Extra"]
[Source "ChessBase"]
[SourceDate "2024.05.31"]
[SourceVersion "1"]
[SourceVersionDate "2024.05.31"]
[SourceQuality "1"]

1. c4 c5 2. Nc3 g6 3. g3 Bg7 4. Bg2 Nc6 5. Nf3 e5 6. d3 Nge7 7. e4 d6 8. 0-0 0-0 9. Ne1 a6 10. Nc2 Rb8 11. f4 exf4 12. Bxf4 b5 13. Rb1 Be6 14. Nd5 bxc4 15. dxc4 Bxd5 16. cxd5 Ne5 17. Qe2 Qa5 18. Na3 Nc8 19. Rfc1 Nb6 20. Bf1 Ra8 21. Qg2 Nbd7 22. Bxe5 Nxe5 23. Nc4 Nxc4 24. Bxc4 Rfb8 25. Qe2 Qb6 26. b3 Re8 27. Qf3 Re7 28. Re1 a5 29. a4 Qb4 30. Re2 Rae8 31. Rf1 Qc3 32. Kg2 Qe5 33. Bb5 Rd8 34. Bc4 Ra7 35. Bb5 Qe7 36. Bc4 Be5 37. Qd3 Kg7 38. Qe3 Qf8 39. Bb5 Re7 40. Qd2 Ra8 41. Bc4 Raa7 42. Bb5 Bd4 43. Bc4 Re5 44. Rf4 h6 45. Bb5 Rh5 46. Re1 Qc8 47. h4 Qd8 48. Be2 Re5 49. Bc4 Rae7 50. Ref1 Rxe4 51. Rxe4 Rxe4 52. Bd3 Be3 53. Qc3+ Re5 54. Rf3 Bd4 55. Qc2 Qe7 56. Qd2 Qc7 57. Qc2 Qb6 58. Bc4 Qb4 59. Rf1 Re3 60. Qf2 Qb7 61. Qd2 Qe7 62. Rf4 Re1 63. Bf1 Rb1 64. Qd3 Rb2+ 65. Kh1 Qe5 66. Bg2 Qe3 67. Qd1 Qxg3 68. Rg4 Qe5 69. Re4 Qxd5 70. Re2 Qh5 0-1